000
00291 a2200133 4500
000
nam a22 7a 4500
100
_a
Pokines
110
_a
Pokines
245
_a
Mannual Of Forensic Taphonomy
250
_a
latest edition
260
_b
CRC
_c
2024
264
_b
CRC
_c
2024
942
_c
BK
999
_c
359471
_d
359471